000 02443cam a22003015a 4500
001 L152659
002 18588
008 110411s2010 xxk f 001 0 eng d
020 _a9780199589197
035 _a(Sirsi) u152659
041 0 _aeng
050 0 4 _a346.410434 $2 18
100 1 _aGarner, Simon
245 0 2 _aA practical approach to landlord and tenant
250 _a6th ed.
260 _aOxford
_bOUP
_c2010
300 _alxi, 703p.
_c25cm.
505 2 _aThe client -- The basics -- The distinction between a lease and a licence -- Creating a tenancy -- Introduction to obligations in leases -- Implied obligations -- Express obligations -- Repair, contractual obligations -- Repair, common law and statutory duties -- Assignment and sub-letting - continuing obligations -- Termination of tenancies: an overview - the common law rules -- Forfeiture -- Introduction to the statutory codes -- The Rent Act 1977, protected tenancies -- The Rent Act 1977, recovery of possession by the landlord -- The Housing Act 1988, assured tenancies -- The Housing Act 1988, recovery of possession by the landlord -- The Housing Act 1985, secure tenancies -- The Housing Act 1985, recovery of possession by the landlord -- Protection from eviction -- Regulation of residential premises -- Long residential leases at low rents -- Management and service charges in long leases -- Enfranchisement and leasehold extension -- Commonhold -- Business tenancies -- Agricultural holdings -- Farm business tenancies -- Residential protection of agricultural workers -- Your practice
520 _aSuperseded by 7th edition
520 _aProvides a systematic guide to the principles and practice of land and property law, with practical advice and tips on issues likely to arise in practice. Covers the basics of landlord and tenant law and gives detailed treatment for both the common law and the statutory codes. Explains and analyses diverse areas such as leases, tenancy, assignment and subletting, agricultural holdings, business tenancies, and eviction. Includes up to date case law, the various statutory codes applying to both residential and business tenancies, key documents with key points highlighted.
520 _aSupersedes fifth edition (ISBN 9780199535118).
521 _aAdvanced.
590 _aKA
651 4 _aEngland and Wales
_y1543-
690 _aPROPERTY-LANDLORD AND TENANT
700 1 _aFrith, Alexandra
942 _n0
999 _c112151
_d112151